Biotechnolgy in the pulp and paper industry

Gardado en:
Detalles Bibliográficos
Autor Principal: Eriksson, K. E. L (Author)
Formato: Libro
Idioma:inglés
Publicado: Berlín Springer Verlag 1997
Series:Advances in Biochemical Engineering Biotechnology, 57
Subjects:
Tags: Engadir etiqueta
Sen Etiquetas, Sexa o primeiro en etiquetar este rexistro!

MARC

LEADER 00000nam a2200000 a 4500
001 UCS7544
003 CL-VaPUC
008 971017e19970000GW |||||||||||||||||eng|d
082 0 4 |a 676.12  |b ERI  |2 21 
100 0 |a Eriksson, K. E. L  |e author  |9 392651 
245 1 0 |a Biotechnolgy in the pulp and paper industry 
300 |a 339 p 
942 |c BK 
945 |d 19971017 00:00:00  |a jquezada 
260 |a Berlín  |b Springer Verlag  |c 1997 
650 0 |a Productos industriales  |9 351544 
650 0 |a Procesos industriales  |9 334036 
650 0 |a Productos industriales  |9 351544 
650 7 |a INDUSTRIA PAPELERA  |2 CL-VaPUC  |9 262993 
650 7 |a CONVERSION DE RESIDUOS DE PAPEL  |2 CL-VaPUC  |9 392652 
650 0 |a Madera  |9 262357 
650 7 |a PULPA DE MADERA  |2 CL-VaPUC  |9 262994 
650 0 |a Ingeniería bioquímica   |9 260241 
583 |a last modification  |c 19971017 00:00:00  |k Rodrigo Vera 
490 0 |a Advances in Biochemical Engineering Biotechnology, 57 
999 |c 262572  |d 262570 
952 |0 0  |1 0  |4 0  |6 676_120000000000000_ERI_1997  |7 0  |8 A  |9 291245  |a BIBING  |b BIBING  |d 2019-11-19  |i 3356345  |o 676.12 ERI 1997  |p 3356345  |r 2025-01-20  |w 2019-11-19  |y BK  |k EIB 
952 |0 0  |1 0  |4 0  |6 676_120000000000000_ERI_1997  |7 0  |8 A  |9 291246  |a BIBING  |b BIBING  |d 2019-11-19  |i 3392848  |o 676.12 ERI 1997  |p 3392848  |r 2025-01-20  |w 2019-11-19  |y BK  |k EIB